000 00487nam a2200193Ia 4500
003 GCL
008 140319s9999 xx 000 0 eng d
040 _aGCL /
_cGCL
082 0 4 _a069.31
_bG T
100 1 _aGREENBERG, REESA
245 1 0 _aTHINKING ABOUT EXHIBITIONS /
_cGREENBERG, REESA
700 1 _aFERGUSON, BRUCE W
700 1 _aNAIRNE, SANDY
260 _a[S.N] :
_bROUTLEDGE ،
_c1996
300 _a487 P
650 0 4 _aMUSEOLOGY
650 0 4 _aEXHIBITIONS
942 _2ddc
_cBK
999 _c14011
_d14011